[Event "Tournoi Skype 014B"]
[Site "Skype"]
[Date "????.??.??"]
[Round "6.11"]
[White "Farthouat, Titoine"]
[Black "Perrone, Gabriel Lorenzo"]
[Result "1-0"]
[WhiteElo "1254"]
[BlackElo "1408"]
[PlyCount "139"]

1. e4 e5 2. Nf3 Nf6 3. Bc4 d6 4. O-O Nxe4 5. d3 Nf6 6. Ng5 d5 7. Bb5+ c6 8. Ba4
Nbd7 9. Nc3 Nc5 10. Re1 Be7 11. Rxe5 Nfd7 12. Re1 O-O 13. Qe2 Bxg5 14. Bxg5
Qxg5 15. Qe8 Rxe8 16. Rxe8+ Nf8 17. Rae1 d4 18. Ne4 Nxe4 19. h4 Qxh4 20. R1xe4
Qf6 21. R4e7 g6 22. Bb3 b5 23. Bxf7+ Qxf7 24. Rxf7 Kxf7 25. Rd8 Ne6 26. Rd6 Bb7
27. Rd7+ Kg8 28. Rxb7 Nf4 29. Re7 c5 30. Re5 Rc8 31. g3 Nh5 32. Re7 a5 33. Ra7
a4 34. Rb7 b4 35. Ra7 c4 36. Rxa4 c3 37. Rxb4 cxb2 38. Rxb2 Rc3 39. a4 Ng7 40.
Ra2 Ne6 41. a5 Nc7 42. a6 Na8 43. Rb2 Rc8 44. a7 Kg7 45. Rb8 Rg8 46. Kg2 Kf7
47. Kf3 Re8 48. Rb7+ Re7 49. Rb8 Re8 50. Rxe8 Kxe8 51. Ke4 Kd7 52. Kxd4 Kc7 53.
Ke5 Kb7 54. Kf6 Nc7 55. Kg7 Kxa7 56. Kxh7 g5 57. f4 gxf4 58. gxf4 Ne6 59. f5
Nd4 60. f6 Ne6 61. Kg6 Kb6 62. f7 Nf8+ 63. Kf6 Kc5 64. c3 Kd5 65. c4+ Kc5 66.
Ke7 Ng6+ 67. Ke8 Kb4 68. f8=Q+ Nxf8 69. Kxf8 Kc5 70. Ke7 1-0

[Event "Tournoi Skype 014B"]
[Site "Skype"]
[Date "????.??.??"]
[Round "6.12"]
[White "Hargez, Dany"]
[Black "Mantelli, Luca"]
[Result "0-1"]
[WhiteElo "1401"]
[BlackElo "1239"]
[PlyCount "76"]

1. e4 e5 2. Nf3 Nc6 3. d4 exd4 4. Nxd4 Bc5 5. Nf5 Qf6 6. Bd3 g6 7. Ne3 Nge7 8.
O-O d6 9. Bb5 Bd7 10. Bxc6 Bxc6 11. Ng4 Qe6 12. Nc3 h5 13. Ne3 Bxe4 14. Nb5
O-O-O 15. a4 a6 16. Nc3 h4 17. Nxe4 Qxe4 18. Ng4 Qf5 19. Be3 Rde8 20. Bxc5 Qxc5
21. Nf6 Rd8 22. c3 h3 23. g3 Qf5 24. Qg4 Kb8 25. Qxf5 Nxf5 26. Rfe1 d5 27. Re5
c6 28. g4 Rd6 29. gxf5 Rxf6 30. Rae1 Ka7 31. fxg6 fxg6 32. Re7 Rh4 33. Rd7 Rg4+
34. Kh1 Rxf2 35. Rg1 Rfg2 36. Rxg2 Rxg2 37. b4 Rc2 38. b5 Rc1# 0-1

[Event "Tournoi Skype 014B"]
[Site "Skype"]
[Date "????.??.??"]
[Round "6.13"]
[White "Raheja, Shiv"]
[Black "Bilsel, Sebahittin"]
[Result "1-0"]
[WhiteElo "1374"]
[BlackElo "1200"]
[PlyCount "21"]

1. e4 e5 2. Nf3 Nc6 3. Bc4 Bc5 4. c3 Nf6 5. Ng5 O-O 6. d3 d6 7. Qf3 h6 8. Nh3
Bg4 9. Qg3 Qe7 10. f3 Bxh3 11. Qxh3 1-0

[Event "Tournoi Skype 014B"]
[Site "Skype"]
[Date "????.??.??"]
[Round "6.14"]
[White "Capdeville, Jean"]
[Black "Lecluyse, Koenraad"]
[Result "0-1"]
[WhiteElo "1353"]
[BlackElo "1199"]
[PlyCount "58"]

1. e4 e5 2. f4 exf4 3. Nf3 d6 4. d3 Nc6 5. Bxf4 Nf6 6. h3 Be7 7. Nbd2 Be6 8.
Ng5 O-O 9. Nxe6 fxe6 10. Nf3 e5 11. Bg3 Nh5 12. Bh2 Bh4+ 13. g3 Bxg3+ 14. Ke2
Nd4+ 15. Nxd4 exd4 16. Bg2 Nf4+ 17. Kf3 Nxg2+ 18. Kxg2 Bh4 19. Rf1 Qg5+ 20. Kh1
Bf2 21. Qg4 Qd2 22. Rac1 Rf6 23. Qd1 Qh6 24. Qe2 Raf8 25. Bg1 Bg3 26. Rxf6
Qxh3+ 27. Bh2 Rxf6 28. Rf1 Rxf1+ 29. Qxf1 Qxh2# 0-1

[Event "Tournoi Skype 014B"]
[Site "Skype"]
[Date "????.??.??"]
[Round "6.15"]
[White "Rodriguez, Nathalie"]
[Black "Rugman, Dan"]
[Result "1-0"]
[WhiteElo "1199"]
[BlackElo "1340"]
[PlyCount "105"]

1. e4 c5 2. Bc4 e6 3. d3 Be7 4. Nf3 Nc6 5. c3 Nf6 6. O-O d5 7. exd5 Nxd5 8. Re1
Bd6 9. Bxd5 Bxh2+ 10. Kxh2 Qxd5 11. Kg1 b5 12. Qc2 c4 13. d4 Bb7 14. Nbd2 O-O-O
15. a4 b4 16. Nf1 f6 17. Ne3 b3 18. Qd1 Qh5 19. Nxc4 e5 20. Qd3 exd4 21. cxd4
Nxd4 22. Nxd4 Bxg2 23. Kxg2 Qg4+ 24. Kf1 Rxd4 25. Nd6+ Kd7 26. Qf5+ Kxd6 27.
Re6+ Kd7 28. Qxg4 Rxg4 29. Re2 h5 30. f3 Rb4 31. Bd2 Rc4 32. a5 Rc2 33. Rb1 Re8
34. Rf2 h4 35. Kg2 Kc6 36. f4 Kb5 37. f5 Rd8 38. Bc3 Rxf2+ 39. Kxf2 Kc4 40. Kg2
Rd3 41. Kh2 Rf3 42. Rd1 Rxf5 43. Rd4+ Kc5 44. Rxh4 Rf2+ 45. Kg1 Rc2 46. Rh5+
Kc4 47. Rh3 Rc1+ 48. Kf2 Rc2+ 49. Ke1 Rc1+ 50. Kd2 Rg1 51. Rh4+ Kd5 52. Rd4+
Ke5 53. Rg4+ 1-0

[Event "Tournoi Skype 014B"]
[Site "Skype"]
[Date "????.??.??"]
[Round "6.16"]
[White "Coude, Josue"]
[Black "Gerbaux, Regis"]
[Result "0-1"]
[WhiteElo "1088"]
[BlackElo "1403"]
[PlyCount "46"]

1. e4 c5 2. Nf3 d6 3. Bc4 e6 4. e5 Nc6 5. Qe2 Nb4 6. Qe4 d5 7. Bxd5 exd5 8. Qe3
Nxc2+ 9. Kf1 Nxe3+ 10. Kg1 Nc2 11. d4 Nxa1 12. Nc3 Nc2 13. b3 cxd4 14. Bg5 Qa5
15. Ne2 d3 16. Ng3 Qxa2 17. h4 Bc5 18. Kh2 Nd4 19. Nxd4 Bxd4 20. f4 h6 21. Nh5
hxg5 22. hxg5 Rxh5+ 23. Kg3 Qf2# 0-1

[Event "Tournoi Skype 014B"]
[Site "Skype"]
[Date "????.??.??"]
[Round "6.17"]
[White "Armingaud, Jean-Claude"]
[Black "Paquay, Renaud"]
[Result "1-0"]
[WhiteElo "1135"]
[BlackElo "1135"]
[PlyCount "53"]

1. e4 c6 2. d4 e6 3. c4 d6 4. Nc3 Nf6 5. Nf3 Nbd7 6. c5 Qa5 7. Be3 d5 8. exd5
Nxd5 9. Bd2 Qc7 10. Bd3 e5 11. dxe5 Nxe5 12. Nxe5 Qxe5+ 13. Qe2 Qxe2+ 14. Bxe2
Nb4 15. O-O Bxc5 16. a3 Nc2 17. Rac1 Nd4 18. Bf3 Nb3 19. Rce1+ Be6 20. Bf4 O-O
21. Re2 Bc4 22. Re5 Bxf1 23. Kxf1 Bd4 24. Re7 Bxc3 25. bxc3 Rad8 26. Rxb7 a5
27. Rxb3 1-0

[Event "Tournoi Skype 014B"]
[Site "Skype"]
[Date "????.??.??"]
[Round "6.18"]
[White "Hernandez, George"]
[Black "Alverson, Ginny"]
[Result "1-0"]
[WhiteElo "1547"]
[BlackElo "1211"]
[PlyCount "39"]

1. e4 c5 2. Nf3 Nf6 3. Nc3 Nc6 4. d4 cxd4 5. Nxd4 e6 6. Bc4 Bc5 7. Nxc6 bxc6 8.
Bg5 O-O 9. e5 Qb6 10. O-O Ne8 11. Na4 Qa5 12. Nxc5 Qxc5 13. Bd3 Qxe5 14. Be7 g6
15. Qf3 Nd6 16. Bxf8 Nf5 17. Bxf5 exf5 18. Rae1 Qxb2 19. Re8 Qb7 20. Bh6# 1-0

[Event "Tournoi Skype 014B"]
[Site "Skype"]
[Date "????.??.??"]
[Round "6.19"]
[White "Lequeux, Pierre"]
[Black "Le Brun, Yves"]
[Result "0-1"]
[WhiteElo "1199"]
[BlackElo "1507"]
[PlyCount "62"]

1. Nf3 d5 2. d4 Nf6 3. e3 c6 4. Bd3 Nbd7 5. O-O e6 6. a3 Bd6 7. Bd2 a5 8. c4
O-O 9. cxd5 exd5 10. Nc3 Re8 11. Re1 Qc7 12. g3 h6 13. e4 dxe4 14. Nxe4 Nxe4
15. Rxe4 Rxe4 16. Bxe4 Nf6 17. Bb1 Be6 18. Qc2 Bd5 19. Qd3 Re8 20. Kg2 Be4 21.
Qf1 b6 22. Bd3 Qd7 23. Re1 Bxf3+ 24. Kxf3 Qg4+ 25. Kg2 Rxe1 26. Qxe1 Qxd4 27.
Qb1 Ng4 28. Bc3 Qxf2+ 29. Kh3 Ne3 30. Bd4 Qg2+ 31. Kh4 Qxh2# 0-1

[Event "Tournoi Skype 014B"]
[Site "Skype"]
[Date "????.??.??"]
[Round "6.20"]
[White "Cengiz, Cem"]
[Black "Kayali, Furkan"]
[Result "0-1"]
[WhiteElo "1210"]
[BlackElo "1424"]
[PlyCount "44"]

1. e4 e6 2. d4 d5 3. e5 c5 4. c3 Nc6 5. f4 cxd4 6. cxd4 Bb4+ 7. Nc3 h6 8. a3
Qa5 9. Be3 Bxc3+ 10. bxc3 Qxc3+ 11. Ke2 g5 12. g3 f6 13. Nf3 Qb2+ 14. Bd2 Nxd4+
15. Nxd4 Qxd4 16. Be3 Qe4 17. Rg1 gxf4 18. gxf4 fxe5 19. fxe5 Qxe5 20. Qa4+ Bd7
21. Qb3 Qxa1 22. Qxb7 Rc8 0-1

[Event "Tournoi Skype 014B"]
[Site "Skype"]
[Date "????.??.??"]
[Round "6.21"]
[White "Dubois, Real"]
[Black "Melin, Christiane"]
[Result "1-0"]
[WhiteElo "1420"]
[BlackElo "1136"]
[PlyCount "45"]

1. d4 d5 2. e3 Nf6 3. Nf3 Bg4 4. Be2 e6 5. c3 c5 6. Ne5 Bxe2 7. Qxe2 Nc6 8. Qb5
Qb6 9. Qxb6 a6 10. Qxb7 Ra7 11. Qxc6+ Nd7 12. Nxd7 Rxd7 13. Qxa6 Bd6 14. Nd2
O-O 15. O-O c4 16. Qa4 Bc7 17. Qxd7 Rd8 18. Qxc7 Re8 19. Nf3 Kf8 20. a4 h6 21.
a5 g5 22. Ne5 f6 23. Qf7# 1-0

[Event "Tournoi Skype 014B"]
[Site "Skype"]
[Date "????.??.??"]
[Round "6.22"]
[White "Vello, Pablo"]
[Black "Vitale, Maxi"]
[Result "0-1"]
[WhiteElo "1393"]
[BlackElo "1171"]
[PlyCount "54"]

1. e4 e5 2. Nf3 Nc6 3. d4 exd4 4. Nxd4 Bc5 5. Nxc6 dxc6 6. Qxd8+ Kxd8 7. Bc4
Ke7 8. O-O Nf6 9. Nc3 Ng4 10. Bf4 Bxf2+ 11. Kh1 Bc5 12. Bxc7 Nf2+ 13. Kg1 Nxe4+
14. Kh1 Nf2+ 15. Kg1 Nh3+ 16. Kh1 Nf2+ 17. Kg1 Be6 18. Rae1 Nd3+ 19. Kh1 Nxe1
20. Rxe1 Rac8 21. Bg3 g5 22. Bxe6 fxe6 23. a3 Rcd8 24. Ne4 b6 25. Nxg5 Rd2 26.
Bh4 Bf2 27. Ne4+ Bxh4 0-1

[Event "Tournoi Skype 014B"]
[Site "Skype"]
[Date "????.??.??"]
[Round "6.23"]
[White "Bustos, Ricardo"]
[Black "Gabriele, Noel"]
[Result "0-1"]
[WhiteElo "1081"]
[BlackElo "1347"]
[PlyCount "64"]

1. d4 d5 2. c4 c6 3. cxd5 cxd5 4. Nf3 a6 5. Nc3 h6 6. e4 e6 7. exd5 exd5 8. Be2
Nf6 9. O-O Bd6 10. Re1 O-O 11. Qb3 Qa5 12. Bd2 Bb4 13. a3 Bxc3 14. Bxc3 Qc7 15.
Bb4 Rd8 16. Rac1 Qd7 17. Ne5 Qe6 18. Nc6 Nxc6 19. Bf3 Qd7 20. h3 Nxd4 21. Qe3
Nxf3+ 22. Qxf3 Ne4 23. Rcd1 Qc6 24. Rc1 Qg6 25. g4 Ng5 26. Qg2 Be6 27. f3 Rab8
28. Be7 Re8 29. Bxg5 hxg5 30. Qc2 Rbd8 31. Qc7 Rd7 32. Qg3 d4 0-1

[Event "Tournoi Skype 014B"]
[Site "Skype"]
[Date "????.??.??"]
[Round "6.24"]
[White "Martin, Jean-Claude"]
[Black "Lemoine, Gerard"]
[Result "1-0"]
[WhiteElo "1333"]
[BlackElo "1135"]
[PlyCount "29"]

1. d4 d5 2. c4 e6 3. Nc3 Nf6 4. Nf3 c6 5. Bf4 Nbd7 6. e3 Qa5 7. a3 Ne4 8. b4
Qb6 9. c5 Qd8 10. Nxe4 dxe4 11. Ne5 f6 12. Qh5+ g6 13. Nxg6 Rg8 14. Ne7+ Kxe7
15. Bd6# 1-0

[Event "Tournoi Skype 014B"]
[Site "Skype"]
[Date "????.??.??"]
[Round "6.25"]
[White "Picard, Mario"]
[Black "Talbot, Jean"]
[Result "1-0"]
[WhiteElo "1311"]
[BlackElo "1068"]
[PlyCount "61"]

1. d4 d5 2. c4 dxc4 3. Qa4+ Nc6 4. e3 Bd7 5. Qxc4 e6 6. Qc2 Nf6 7. Nf3 Bb4+ 8.
Bd2 Bxd2+ 9. Qxd2 O-O 10. Bd3 h6 11. O-O a5 12. Nc3 Nb4 13. Bb1 Re8 14. Rc1 Bc6
15. e4 Rb8 16. a3 Na6 17. e5 Bxf3 18. gxf3 Nd5 19. Qc2 g6 20. Ne4 b5 21. Rd1 b4
22. axb4 axb4 23. Rxa6 b3 24. Qd2 f5 25. Qxh6 fxe4 26. Qxg6+ Kf8 27. Qh6+ Kf7
28. Bxe4 Nb4 29. Qg6+ Kf8 30. Qh6+ Kf7 31. Bg6+ 1-0

[Event "Tournoi Skype 014B"]
[Site "Skype"]
[Date "????.??.??"]
[Round "6.26"]
[White "Farthouat, Catherine"]
[Black "Douichi, Mohammed"]
[Result "0-1"]
[WhiteElo "1041"]
[BlackElo "1250"]
[PlyCount "46"]

1. e4 d5 2. exd5 Qxd5 3. Nc3 Qe5+ 4. Be2 Qg5 5. g3 Bg4 6. Nf3 Qf5 7. O-O e5 8.
d4 e4 9. Ng5 Bh3 10. Re1 Be7 11. Nf3 Nf6 12. Ne5 O-O 13. b3 Nc6 14. Nb5 a6 15.
Nxc7 Rac8 16. Nd7 Qxd7 17. d5 Rxc7 18. c4 Ne5 19. Bb2 Qf5 20. d6 Rd7 21. c5
Nfg4 22. Bxg4 Bxg4 23. Qc1 Nf3+ 0-1

[Event "Tournoi Skype 014B"]
[Site "Skype"]
[Date "????.??.??"]
[Round "6.27"]
[White "Martin, Elise"]
[Black "Coruble, Didier"]
[Result "1-0"]
[WhiteElo "1155"]
[BlackElo "1329"]
[PlyCount "23"]

1. d4 d5 2. c4 dxc4 3. Qa4+ Bd7 4. Qxc4 e6 5. e3 b5 6. Qc2 Nf6 7. Nc3 a6 8. Bd3
Bb4 9. Nf3 O-O 10. Ng5 h6 11. Bh7+ Nxh7 12. Qxh7# 1-0

[Event "Tournoi Skype 014B"]
[Site "Skype"]
[Date "????.??.??"]
[Round "6.28"]
[White "Amato, Ludovica"]
[Black "Kruk, Clementine"]
[Result "0-1"]
[WhiteElo "1250"]
[BlackElo "1000"]
[PlyCount "32"]

1. e4 e5 2. Nf3 Nc6 3. Bc4 Bc5 4. O-O Nf6 5. Ng5 O-O 6. Nc3 h6 7. Nf3 d6 8. d3
Bg4 9. Bd2 Nd4 10. Re1 Nxf3+ 11. gxf3 Bh5 12. Qe2 Qd7 13. Rad1 Qh3 14. Nb5 Bxf3
15. Qf1 Qg4+ 16. Qg2 Qxg2# 0-1

[Event "Tournoi Skype 014B"]
[Site "Skype"]
[Date "????.??.??"]
[Round "6.29"]
[White "Gagnon, Sindy"]
[Black "Gieschen, Mike"]
[Result "0-1"]
[WhiteElo "1046"]
[BlackElo "1457"]
[PlyCount "66"]

1. e4 c5 2. Nc3 d6 3. Bb5+ Bd7 4. Bc4 e5 5. Nge2 Nf6 6. O-O Be7 7. d3 O-O 8.
Ng3 Nc6 9. Re1 Nd4 10. Be3 Nc6 11. a3 h6 12. b4 cxb4 13. axb4 Nxb4 14. Rb1 a5
15. d4 b5 16. Bb3 Qc7 17. dxe5 dxe5 18. Nxb5 Bxb5 19. c4 Bxc4 20. Bxc4 Qxc4 21.
Rc1 Qa6 22. Nf5 Rfe8 23. Rc7 Kf8 24. g4 Nxe4 25. Re2 Nc3 26. Qe1 Nxe2+ 27. Qxe2
Qxe2 28. Ng3 Qxg4 29. h3 Qxh3 30. f4 Qxg3+ 31. Kf1 Qxe3 32. fxe5 Bh4 33. Rc4
Qf2# 0-1

[Event "Tournoi Skype 014B"]
[Site "Skype"]
[Date "????.??.??"]
[Round "6.30"]
[White "Khatanhar, Mohit"]
[Black "Letourneau, Judith"]
[Result "1-0"]
[WhiteElo "1396"]
[BlackElo "1000"]
[PlyCount "55"]

1. e4 e6 2. d4 Bb4+ 3. c3 Ba5 4. e5 Ne7 5. Nf3 b6 6. Be3 O-O 7. b4 Bxb4 8. cxb4
a5 9. bxa5 bxa5 10. a4 Bb7 11. Be2 d6 12. O-O Nf5 13. Bg5 Qxg5 14. Nxg5 Nc6 15.
Qd3 Nb4 16. Qh3 h6 17. Bd3 Nxd3 18. Nxe6 fxe6 19. Qxd3 dxe5 20. dxe5 Rad8 21.
Qh3 Ba6 22. Re1 Nd4 23. Na3 Bc4 24. Rac1 Bd5 25. Qg4 Nb3 26. Rc3 Rb8 27. Rg3
Nc5 28. Qxg7# 1-0

[Event "Tournoi Skype 014B"]
[Site "Skype"]
[Date "????.??.??"]
[Round "6.31"]
[White "Marty, Yvette"]
[Black "Baker, Abi"]
[Result "0-1"]
[WhiteElo "1000"]
[BlackElo "1113"]
[PlyCount "64"]

1. e4 e6 2. d4 d5 3. Nc3 c5 4. dxc5 Bxc5 5. e5 Nc6 6. Nf3 Nge7 7. Na4 Qa5+ 8.
Nc3 d4 9. Bd2 Ng6 10. Be2 O-O 11. O-O Rd8 12. Ne4 Qb6 13. Nxc5 Qxc5 14. c3 d3
15. b4 Qc4 16. Re1 Rd5 17. Rb1 Qxa2 18. b5 Ncxe5 19. Rb4 a6 20. Re4 axb5 21.
Nxe5 Nxe5 22. Rxe5 Rxe5 23. h3 Ra4 24. Rf1 dxe2 25. Qe1 exf1=Q+ 26. Qxf1 Qxd2
27. g3 Qxc3 28. Kh2 b6 29. Qg2 Ra2 30. g4 b4 31. Qg3 Ree2 32. Qxc3 bxc3 0-1

[Event "Tournoi Skype 014B"]
[Site "Skype"]
[Date "????.??.??"]
[Round "7.1"]
[White "Prasad Singh, Ambika"]
[Black "Tamditi, Ibrahim"]
[Result "1-0"]
[WhiteElo "1444"]
[BlackElo "1333"]
[PlyCount "99"]

1. e4 e5 2. Nf3 Nc6 3. Bb5 Nf6 4. O-O Nxe4 5. Re1 Nd6 6. Bxc6 dxc6 7. Nxe5 Be7
8. d3 O-O 9. Nc3 Bf6 10. Bf4 Re8 11. d4 Nb5 12. Nxb5 cxb5 13. c3 Qd5 14. b3 b6
15. Rc1 Bb7 16. f3 Rad8 17. Ng4 Rxe1+ 18. Qxe1 Bg5 19. Ne3 Qe6 20. Bxg5 Re8 21.
Qf2 h6 22. Bf4 Re7 23. Re1 Qf6 24. Be5 Qg5 25. Qg3 Qxg3 26. Bxg3 c5 27. d5 c4
28. Kf2 cxb3 29. axb3 Rd7 30. Rd1 g5 31. d6 Kg7 32. Ng4 f5 33. Ne5 Rd8 34. f4
Kf6 35. fxg5+ hxg5 36. Nd3 f4 37. Nxf4 gxf4 38. Bh4+ Kf5 39. Bxd8 Bc6 40. Re1
Kg4 41. Bc7 f3 42. gxf3+ Kf4 43. Re7 Kf5 44. d7 Bxd7 45. Rxd7 Ke6 46. Rg7 Kf6
47. Rg4 Ke6 48. h4 Kd7 49. Bg3 Ke7 50. h5 1-0

[Event "Tournoi Skype 014B"]
[Site "Skype"]
[Date "????.??.??"]
[Round "7.2"]
[White "Yeter, Orhan"]
[Black "Bendre, Pankaj"]
[Result "0-1"]
[WhiteElo "1332"]
[BlackElo "1399"]
[PlyCount "86"]

1. e4 c5 2. d4 cxd4 3. c3 dxc3 4. Nxc3 a6 5. Bc4 Nc6 6. Nf3 d6 7. O-O Bg4 8. h3
Bxf3 9. Qxf3 Nf6 10. Bg5 Ne5 11. Qe2 e6 12. Bb3 Be7 13. Rfd1 O-O 14. Bxf6 Bxf6
15. Qh5 b5 16. a4 b4 17. Ne2 g6 18. Qh6 Bg5 19. Rxd6 Bxh6 20. Rxd8 Raxd8 21. f4
Rd2 22. fxe5 Rxe2 23. Bc4 Rxe4 24. Bxa6 Be3+ 25. Kf1 Ba7 26. Rd1 Rxe5 27. Rd7
Rf5+ 28. Ke2 Rf2+ 29. Kd3 Bb6 30. Rb7 Rd8+ 31. Kc4 Rd4+ 32. Kb3 Bc5 33. Rb8+
Kg7 34. Rc8 Bd6 35. Bb5 Rdd2 36. Rd8 Rxb2+ 37. Kc4 Rfc2+ 38. Kd3 Be5 39. Ke4
Bc7 40. Rd7 Bb6 41. g4 Rc3 42. h4 Re3+ 43. Kf4 Rf2+ 0-1

[Event "Tournoi Skype 014B"]
[Site "Skype"]
[Date "????.??.??"]
[Round "7.3"]
[White "Cossalter, Maurizio"]
[Black "Sauvaget, Joel"]
[Result "1-0"]
[WhiteElo "1459"]
[BlackElo "1394"]
[PlyCount "87"]

1. d4 d5 2. Nf3 Nf6 3. b3 c6 4. Bb2 e6 5. e3 Bd6 6. Bd3 h6 7. Nbd2 O-O 8. e4
dxe4 9. Nxe4 Nxe4 10. Bxe4 Nd7 11. c4 Nf6 12. Qc2 Re8 13. O-O Bd7 14. Rad1 Qb8
15. h3 Qc7 16. Ne5 Rad8 17. f4 Be7 18. Bf3 c5 19. Ba3 Rf8 20. Qf2 b6 21. dxc5
Bxc5 22. Bxc5 bxc5 23. g3 Bc8 24. Nd3 Rd6 25. Nxc5 Rfd8 26. Rxd6 Rxd6 27. Rd1
Rxd1+ 28. Bxd1 Qd6 29. Bf3 Nd7 30. Nxd7 Qxd7 31. Kg2 Bb7 32. Bxb7 Qxb7+ 33. Qf3
Qxf3+ 34. Kxf3 Kf8 35. Ke4 Ke7 36. Ke5 f6+ 37. Kd4 Kd6 38. a3 e5+ 39. fxe5+
fxe5+ 40. Ke4 g5 41. g4 Ke6 42. c5 Kf6 43. b4 Ke6 44. b5 1-0

[Event "Tournoi Skype 014B"]
[Site "Skype"]
[Date "????.??.??"]
[Round "7.4"]
[White "Kruzeniski, Randy"]
[Black "Porcabeuf, Jean-Marc"]
[Result "1-0"]
[WhiteElo "1436"]
[BlackElo "1328"]
[PlyCount "29"]

1. d4 d5 2. Nf3 Nf6 3. e3 e6 4. Bd3 h6 5. O-O Nbd7 6. b3 Bd6 7. Bb2 O-O 8. Ne5
Nxe5 9. dxe5 Bc5 10. exf6 gxf6 11. Qg4+ Kh8 12. Qh4 Kg7 13. g4 e5 14. g5 Rg8
15. Qxh6# 1-0

[Event "Tournoi Skype 014B"]
[Site "Skype"]
[Date "????.??.??"]
[Round "7.7"]
[White "Ramirez Reina, Orlando"]
[Black "Farthouat, Titoine"]
[Result "1-0"]
[WhiteElo "1431"]
[BlackElo "1254"]
[PlyCount "105"]

1. e4 e5 2. Nf3 Nc6 3. Bc4 d6 4. d3 h6 5. h3 Nf6 6. O-O Be7 7. Re1 O-O 8. d4
Re8 9. dxe5 dxe5 10. Qxd8 Rxd8 11. Bb5 Nb4 12. Ba4 b5 13. Bb3 a5 14. c3 a4 15.
Bxf7+ Kxf7 16. Nxe5+ Kg8 17. cxb4 Bxb4 18. Nc3 Bxc3 19. bxc3 Re8 20. Bf4 Bb7
21. f3 Nh5 22. Bh2 c5 23. Rad1 b4 24. cxb4 cxb4 25. Rd7 Rab8 26. Nd3 Ba6 27.
Bxb8 Rxb8 28. Nc5 Bb5 29. Rb7 Rxb7 30. Nxb7 Nf4 31. Nc5 Ne2+ 32. Kf2 Nc3 33.
Ra1 Bc4 34. Ke3 Bxa2 35. Kd4 b3 36. Kxc3 a3 37. Nxb3 Bxb3 38. Kxb3 a2 39. Rxa2
Kf7 40. Ra6 g6 41. Kb4 Kg7 42. Kc5 Kf7 43. Kd5 Ke7 44. Rxg6 h5 45. Ke5 Kf7 46.
Rh6 h4 47. Rxh4 Kg6 48. f4 Kf7 49. g4 Kg7 50. Rh5 Kg6 51. f5+ Kg7 52. Rg5+ Kh7
53. Rh5+ 1-0

[Event "Tournoi Skype 014B"]
[Site "Skype"]
[Date "????.??.??"]
[Round "7.8"]
[White "Mantelli, Luca"]
[Black "Raheja, Shiv"]
[Result "0-1"]
[WhiteElo "1239"]
[BlackElo "1374"]
[PlyCount "124"]

1. Nf3 Nc6 2. d4 d5 3. c4 Nf6 4. Nc3 e6 5. Bg5 Bb4 6. e3 h6 7. Bh4 Ne7 8. Bd3
Ne4 9. Qc2 Qd6 10. cxd5 exd5 11. Bxe4 dxe4 12. Qxe4 Be6 13. Bg3 Qc6 14. Qxc6+
Nxc6 15. Bxc7 O-O 16. O-O Bc4 17. Rfc1 Bd3 18. Ne5 Nxe5 19. Bxe5 Rac8 20. Nd5
a5 21. a3 f6 22. axb4 Rxc1+ 23. Rxc1 fxe5 24. bxa5 exd4 25. exd4 Rd8 26. Rd1
Be2 27. Rd2 Bc4 28. Nc3 Ra8 29. b4 Rc8 30. f4 Kf7 31. Kf2 Bb3 32. Nb1 Rc1 33.
Na3 Ke6 34. Rd3 Bd5 35. Ke3 Kf5 36. g3 Re1+ 37. Kd2 Rh1 38. h3 Rxh3 39. Re3 Kg4
40. b5 Rh2+ 41. Kc3 Ra2 42. Kb4 Rb2+ 43. Kc5 Bf7 44. Kb6 Rd2 45. Kxb7 Rxd4 46.
Rc3 Rd7+ 47. Rc7 Bd5+ 48. Kb8 Rd8+ 49. Rc8 Rd7 50. b6 Rb7+ 51. Ka8 Rxb6+ 52.
Ka7 Rb7+ 53. Ka6 Rb3 54. Nb5 Kxg3 55. Kb6 Re3 56. Rd8 Bc4 57. Rc8 Be6 58. Re8
Kxf4 59. a6 Bd5 60. Rxe3 Kxe3 61. a7 g5 62. a8=Q Bxa8 0-1

[Event "Tournoi Skype 014B"]
[Site "Skype"]
[Date "????.??.??"]
[Round "7.9"]
[White "Lecluyse, Koenraad"]
[Black "Hague, Mark"]
[Result "0-1"]
[WhiteElo "1199"]
[BlackElo "1367"]
[PlyCount "36"]

1. d4 c5 2. c3 Nf6 3. Nf3 d5 4. Bf4 Nc6 5. e3 Ne4 6. Qc2 f5 7. Bb5 a6 8. Bxc6+
bxc6 9. Ne5 Bb7 10. O-O e6 11. Nd2 Bd6 12. Nb3 c4 13. Na5 Qxa5 14. b4 Qc7 15.
Rab1 O-O 16. a3 Bxe5 17. Bxe5 Qf7 18. Qe2 Nxc3 0-1

[Event "Tournoi Skype 014B"]
[Site "Skype"]
[Date "????.??.??"]
[Round "7.11"]
[White "Gerbaux, Regis"]
[Black "Talbot, Jacques"]
[Result "0-1"]
[WhiteElo "1403"]
[BlackElo "1475"]
[PlyCount "80"]

1. d4 d5 2. c4 e6 3. Nc3 Nf6 4. Nf3 c6 5. e3 Bd6 6. c5 Be7 7. h3 Nbd7 8. Bd3
O-O 9. O-O b6 10. b4 Bb7 11. Re1 bxc5 12. bxc5 Qc7 13. e4 dxe4 14. Bxe4 Nxe4
15. Nxe4 Nf6 16. Nxf6+ Bxf6 17. Bg5 Bxg5 18. Nxg5 h6 19. Nf3 Rfd8 20. Qb3 Rab8
21. Qc3 Ba6 22. Ne5 Bb5 23. a4 Ba6 24. Ng4 Rd5 25. Re5 Rxe5 26. Nxe5 Rd8 27.
Rd1 Rd5 28. Qg3 f6 29. Ng6 Qxg3 30. fxg3 Rd7 31. Rb1 Rxd4 32. Rb8+ Kf7 33. Nf4
Rd7 34. Rb4 Rb7 35. Rxb7+ Bxb7 36. a5 Ba6 37. Kf2 e5 38. Ne2 Bxe2 39. Kxe2 Ke6
40. Ke3 Kd5 0-1

[Event "Tournoi Skype 014B"]
[Site "Skype"]
[Date "????.??.??"]
[Round "7.12"]
[White "Vervoort, Jean-Louis"]
[Black "Vincent, Andre"]
[Result "0-1"]
[WhiteElo "1292"]
[BlackElo "1353"]
[PlyCount "38"]

1. f4 d6 2. d4 Nf6 3. Nc3 Bf5 4. Nf3 e6 5. e3 Nbd7 6. Bd3 Bxd3 7. Qxd3 c6 8.
O-O d5 9. a3 Bd6 10. Re1 Qc7 11. e4 dxe4 12. Nxe4 Nxe4 13. Qxe4 Nf6 14. Qe3 Nd5
15. Qe4 O-O-O 16. g3 h6 17. c4 Nf6 18. Qe3 c5 19. dxc5 Bxc5 0-1

[Event "Tournoi Skype 014B"]
[Site "Skype"]
[Date "????.??.??"]
[Round "7.13"]
[White "Le Brun, Yves"]
[Black "Armingaud, Jean-Claude"]
[Result "1-0"]
[WhiteElo "1507"]
[BlackElo "1135"]
[PlyCount "49"]

1. d4 d5 2. c4 e6 3. cxd5 exd5 4. Nf3 Nf6 5. Bg5 h6 6. Bh4 Nc6 7. a3 Bf5 8. Nc3
g5 9. Bg3 Nh5 10. Qb3 b6 11. e3 Nxg3 12. hxg3 Na5 13. Qd1 Bg4 14. b4 Nc4 15.
Be2 Nb2 16. Qc2 Nc4 17. Bd3 Qd7 18. Nh2 h5 19. Nxg4 Qxg4 20. Bf5 Nxe3 21. Qa4+
Ke7 22. Bxg4 Nxg2+ 23. Kd2 Bg7 24. Nxd5+ Kd8 25. Qd7# 1-0

[Event "Tournoi Skype 014B"]
[Site "Skype"]
[Date "????.??.??"]
[Round "7.14"]
[White "Rugman, Dan"]
[Black "Hernandez, George"]
[Result "0-1"]
[WhiteElo "1340"]
[BlackElo "1547"]
[PlyCount "124"]

1. e4 c5 2. Nf3 d6 3. d4 cxd4 4. Nxd4 Nf6 5. Nc3 e6 6. Be2 Nc6 7. O-O Be7 8.
Nxc6 bxc6 9. e5 Nd5 10. exd6 Qxd6 11. Ne4 Qb4 12. Bf3 O-O 13. c3 Qb6 14. Qc2
Ba6 15. Be2 Bxe2 16. Qxe2 h6 17. b3 e5 18. g3 f5 19. c4 fxe4 20. Qxe4 Nf6 21.
Qxe5 Rae8 22. Qe6+ Kh8 23. Be3 Bc5 24. Bxc5 Qxc5 25. Qh3 Ne4 26. Qg2 Nd2 27.
Rfe1 Nf3+ 28. Kf1 Rxe1+ 29. Rxe1 Nxe1 30. Kxe1 Qe5+ 31. Kd2 Rd8+ 32. Kc2 Qd4
33. Qxc6 Qd2+ 34. Kb1 Qc3 35. Qh1 Rd2 36. Qa8+ Kh7 37. Qe4+ Kg8 38. Qa8+ Kf7
39. Qxa7+ Ke6 40. Qb6+ Rd6 41. Qe3+ Qxe3 42. fxe3 Rd2 43. a4 Rxh2 44. a5 Rd2
45. a6 Rd8 46. b4 Kd6 47. e4 h5 48. Kc2 g5 49. e5+ Kxe5 50. b5 Kd6 51. a7 Kc7
52. c5 h4 53. b6+ Kb7 54. Kc3 h3 55. Kc4 h2 56. Kb5 h1=Q 57. c6+ Qxc6+ 58. Kb4
Qxb6+ 59. Kc3 Qc6+ 60. Kb3 Kxa7 61. Kb4 Rb8+ 62. Ka3 Qa6# 0-1

[Event "Tournoi Skype 014B"]
[Site "Skype"]
[Date "????.??.??"]
[Round "7.15"]
[White "Kayali, Furkan"]
[Black "Martin, Jean-Claude"]
[Result "0-1"]
[WhiteElo "1424"]
[BlackElo "1333"]
[PlyCount "101"]

1. e4 e5 2. Nf3 Nc6 3. d4 exd4 4. Nxd4 Bc5 5. Nxc6 Qf6 6. Be3 Bxe3 7. fxe3 Qh4+
8. Kd2 dxc6 9. Nc3 Qf2+ 10. Qe2 Qxe2+ 11. Bxe2 Be6 12. Rad1 O-O-O+ 13. Kc1 Nf6
14. Rxd8+ Rxd8 15. Rd1 Rxd1+ 16. Kxd1 Bg4 17. h3 Bxe2+ 18. Kxe2 h5 19. Kf3 g5
20. g4 h4 21. e5 Nd5 22. Nxd5 cxd5 23. c3 Kd7 24. e4 Ke6 25. exd5+ Kxd5 26. Ke3
Kxe5 27. a3 c5 28. b3 b5 29. b4 c4 30. Kf3 a6 31. Ke3 f6 32. Kf3 f5 33. gxf5
Kxf5 34. Kg2 Kf4 35. Kh2 Kf3 36. Kg1 g4 37. hxg4 Kxg4 38. Kh2 h3 39. Kh1 Kf3
40. Kg1 Ke3 41. Kh2 Kd3 42. Kxh3 Kxc3 43. Kg3 Kd3 44. Kf2 Kd2 45. Kf1 c3 46.
Kg2 c2 47. Kg3 c1=Q 48. Kf4 Qc3 49. Kg5 Qxa3 50. Kf6 Qxb4 51. Ke6 0-1